=LDR 00000nam 2200000 4500 =001 INLIS000000000051707 =005 20240212102922 =035 ##$$a 0010-1017000146 =007 ta =008 240212################g##########0#ind## =020 ##$$a 979-17094-7-5 =082 ##$$a 371.9 =084 ##$$a 371.9 BRO m =100 #$$a Brokin, Adele M. =245 1#$$a Metode Baru Mengatasi Anak-anak Penderita Gangguan Perilaku /$c Adele M. Brodkin. P.Hd =260 ##$$a Yogyakarta :$b Book Marks,$c 2014 =300 ##$$a 187 hlm : $b - ; $c 21 cm =250 ##$$a Cet. 1 =990 ##$$a 01201712706